Ľudské práva výber dokumentov OSN

Enregistré dans:
Détails bibliographiques
Autres auteurs: Lovíšek, Milan, Fico, Róbert
Format: Livre
Langue:slovaque
Publié: Bratislava Archa 1995
Édition:2. vyd.
Sujets:
Tags: Ajouter un tag
Pas de tags, Soyez le premier à ajouter un tag!

MARC

LEADER 00000nam a2200000 4500
001 c010209
005 20221214072657.6
020 |a 80-7115-088-6 
041 0 |a slo 
044 |a SK 
245 1 0 |a Ľudské práva  |b výber dokumentov OSN  |c [z angl. prel. Róbert Fico, Milan Lovíšek] 
250 |a 2. vyd. 
264 1 |a Bratislava  |b Archa  |c 1995 
300 |a 154 s. 
610 2 0 |a práva ľudské 
610 2 0 |a ochrana ľudských práv 
610 2 0 |a právo občianske 
610 2 0 |a právo medzinárodné 
700 1 |a Lovíšek, Milan 
700 1 |a Fico, Róbert